LEADER 01490nam a2200349 u 4500 001 000000017589 003 CaOOAMICUS 005 20100929142231.0 008 940513s1987 fr bf u000 u fre u 020 $a2251003894 035 $a10410716 040 $aPUL$bita 041 1 $afre$agrc 082 04$a880 130 0 $aArgonautica$9(Orpheus).$0(OLS)http://pul/title/25178 245 14$aLes argonautiques orphiques /$ctexte établi et traduit par Francis Vian. 260 $aParis :$bLes Belles Lettres,$c1987. 300 $a215 p., [1] c. di tav. :$bc. geogr. pieg. ;$c19 cm 490 1 $aCollection des universités de France 500 $aTesto greco e traduzione francese a fronte, con la stessa numerazione di pagina. 500 $aIndex: p. [199]-215. 650 4$aArgonauts (Greek mythology)$xPoetry.$0(OLS)http://pul/subject/12357 700 1 $aVian, Francis.$0(OLS)http://pul/name/7095 830 0$aCollection des universités de France,$x0184-7155.$0(OLS)http://pul/title/1172 850 $aPUL 852 $aPUL$W1$xSL Cons. Gen., Altre Classi 3$y75$m880 COLL 3.ARG.1$j24787$nBK-PRI$qDDC 21$B24787$CPULBib$Z2$F24787 $H74884 $82 941 1 $a9 996 $6020$a2251003894$9(OLS)http://pul/number/22672 996 $6082$a880$9(OLS)http://pul/classification/674 996 $6245$aLes argonautiques orphiques$9(OLS)http://pul/title/25179 996 $6260$aParis :$bLes Belles Lettres$9(OLS)http://pul/publisher/48357 LEADER 01768nam a2200373 a 4500 001 000000123290 003 CaOOAMICUS 005 20101011102958.0 008 101011t2010 it a u000 u ita r 020 $z9788815138118* 040 $aPUL$bita 245 03$aIl cardinale Giovanni Morone e l'ultima fase del Concilio di Trento /$ca cura di Massimo Firpo, Ottavia Niccoli. 260 $aBologna :$bIl Mulino,$c©2010. 300 $a293 p. :$bill. ;$c22 cm 490 1 $aAnnali dell'Istituto storico italo-germanico. Quaderni ;$v80 500 $aNell'occhietto: Fondazione Bruno Kessler. 500 $aInclude indice. 500 $aAtti del convegno, Trento 5-6 giugno 2009. 504 $aBibliografia in nota. 600 14$aMorone, Giovanni,$ccard.,$d1509-1580.$0(OLS)http://pul/subject/8349 611 24$aConcilium Tridentinum$d(1545-1563).$0(OLS)http://pul/subject/698 700 1 $aFirpo, Massimo,$d1946-$0(OLS)http://pul/name/447 700 1 $aNiccoli, Ottavia.$0(OLS)http://pul/name/23803 710 2 $aIstituto trentino di cultura.$0(OLS)http://pul/name/53930 710 2 $aFondazione Bruno Kessler.$0(OLS)http://pul/name/77596 830 0$aAnnali dell'Istituto storico italo-germanico in Trento.$pQuaderni ;$v80.$0(OLS)http://pul/title/8598 850 $aPUL 852 $aPUL$W1$xDP1 Riviste Correnti$y15$m1094 D 2.80$j141828$qPeriodici$B140821$CPULBib$Z2$F140821 $H114944 $82 941 1 $a5 960 $aConcilio di Trento$d(1545-1563)$9698 996 $6020$z9788815138118*$9(OLS)http://pul/number/145567 996 $6245$aIl cardinale Giovanni Morone e l'ultima fase del Concilio di Trento$9(OLS)http://pul/title/155380 996 $6260$aBologna :$bIl Mulino$9(OLS)http://pul/publisher/47928